Phlebotomy : (Record no. 294926)
[ view plain ]
| 000 -LEADER | |
|---|---|
| fixed length control field | 01398cam a2200301 i 4500 |
| 001 - CONTROL NUMBER | |
| control field | 18795688 |
| 003 - CONTROL NUMBER IDENTIFIER | |
| control field | PILC |
| 005 - DATE AND TIME OF LATEST TRANSACTION | |
| control field | 20160523160205.0 |
| 008 - FIXED-LENGTH DATA ELEMENTS--GENERAL INFORMATION | |
| fixed length control field | 150925s2016 moua b 001 0 eng |
| 010 ## - LIBRARY OF CONGRESS CONTROL NUMBER | |
| LC control number | 2015460674 |
| 020 ## - INTERNATIONAL STANDARD BOOK NUMBER | |
| International Standard Book Number | 9780323279406 (pbk.) |
| 040 ## - CATALOGING SOURCE | |
| Original cataloging agency | DLC |
| Language of cataloging | eng |
| Description conventions | rda |
| Transcribing agency | DLC |
| Modifying agency | DLC |
| 042 ## - AUTHENTICATION CODE | |
| Authentication code | pcc |
| 050 00 - LIBRARY OF CONGRESS CALL NUMBER | |
| Classification number | RB 45.15 |
| Item number | .W273 2016 |
| 082 00 - DEWEY DECIMAL CLASSIFICATION NUMBER | |
| Classification number | 616.07/561 |
| 100 1# - MAIN ENTRY--PERSONAL NAME | |
| Personal name | Warekois, Robin S., |
| Relator term | author. |
| 245 10 - TITLE STATEMENT | |
| Title | Phlebotomy : |
| Remainder of title | worktext and procedures manual / |
| Statement of responsibility, etc | Robin S. Warekois, MT(ASCP), Avee Laboratory, Clearwater, Florida, Richard Robinson, NASW, Sherborn, Massachusetts ; consulting educator, Pamela B. Primrose, PhD, MLS(ASCP), Program Chair of Medical Laboratory Technology, Professor of Medical Laboratory Technology/Life Sciences, Ivy Tech Community College, South Bend, Indiana. |
| 250 ## - EDITION STATEMENT | |
| Edition statement | 4th edition. |
| 260 ## - PUBLICATION, DISTRIBUTION, ETC. (IMPRINT) | |
| Place of publication, distribution, etc | Missouri : |
| Name of publisher, distributor, etc | Elsevier, |
| Date of publication, distribution, etc | 2016. |
| 300 ## - PHYSICAL DESCRIPTION | |
| Extent | xv, 363 pages : |
| Other physical details | illustrations (some color) ; |
| Dimensions | 26 cm. |
| 500 ## - GENERAL NOTE | |
| General note | Includes bibliographical references and index. |
| 505 0# - FORMATTED CONTENTS NOTE | |
| Formatted contents note | Introduction to phlebotomy -- Phlebotomy basics -- Specimen collection -- Specimen handling -- Professional issues. |
| 650 #0 - SUBJECT ADDED ENTRY--TOPICAL TERM | |
| Topical term or geographic name as entry element | Phlebotomy. |
| 700 1# - ADDED ENTRY--PERSONAL NAME | |
| Personal name | Robinson, Richard, |
| Dates associated with a name | 1956- |
| Relator term | author. |
| 906 ## - LOCAL DATA ELEMENT F, LDF (RLIN) | |
| a | 7 |
| b | cbc |
| c | origcop |
| d | 2 |
| e | ncip |
| f | 20 |
| g | y-gencatlg |
| 942 ## - ADDED ENTRY ELEMENTS (KOHA) | |
| Source of classification or shelving scheme | Library of Congress Classification |
| Koha item type | Books |
| Withdrawn status | Lost status | Source of classification or shelving scheme | Damaged status | Home library | Current library | Shelving location | Date acquired | Source of acquisition | Cost, normal purchase price | Sub Shelving location | Total Checkouts | Total Renewals | Full call number | Barcode | Date last seen | Date checked out | Price effective from | Koha item type |
|---|---|---|---|---|---|---|---|---|---|---|---|---|---|---|---|---|---|---|
| Library of Congress Classification | South SEED-LPDH College Library | South SEED-LPDH College Library | South SEED-LPDH College Section | 05/23/2016 | Library Fund | 4858.00 | 7 | 33 | RB 45.15 .W273 2016 | SSLC1437 | 02/10/2020 | 01/07/2020 | 05/23/2016 | Books |